00623nam a2200157 i 450000100060000000300090000600500170001500700030003200800410003510000310007624500420010726000590014930000200020850502030022885200340043182569ES-MaACL20251110063222.0t|041111s1920 gw ||||1| ger d1 aIbsen, Henrik, d1828-190610a[Dramatische Werke] / cHenrik Ibsen. aLeipzig : b[s.n., c1920] (fDruck Gresner ; Schraum) a3 v. ; c20 cm.8 aContiene: V. I: Die Hutsen der Gessellschaft ; Gespreuster ; Die Wildente. -- V.II: Nora : (ein Pupperheim) ; Ein Volksfeind ; Rosmersholm. -- V. III: Die Meerfran ; Hedda Gabler ; Baumister Solness aES-MaACLjA-4865-67 bR.16751